Curriculum development and teaching: proceedings of The South East Asian Seminar for Social Work Educators

Na minha lista:
Detalhes bibliográficos
Autores corporativos: International Association of Schools of Social Work (Autor), Association of Schools of Social Work in India (Autor)
Formato: Livro
Idioma:inglês
Publicado em: Bombay The Athenaeum Press 1971
Assuntos:
Tags: Adicionar Tag
Sem tags, seja o primeiro a adicionar uma tag!

MARC

LEADER 00000nam a2200000 a 4500
001 UCU1495
003 CL-VaPUC
005 20241111120340.0
008 960404e19710000ii 1 eng d
082 0 4 |a 362.32  |b INT  |2 21 
110 2 |a International Association of Schools of Social Work  |e author  |9 617619 
710 2 |a Association of Schools of Social Work in India  |e author  |9 617620 
245 1 0 |a Curriculum development and teaching: proceedings of The South East Asian Seminar for Social Work Educators 
260 |a Bombay  |b The Athenaeum Press  |c 1971 
300 |a 240 p 
583 |a last modification  |c 19960404 00:00:00  |k Rodrigo Vera 
650 0 0 |a Trabajo social   |9 307856 
650 0 0 |a Trabajadores sociales  |9 308884 
650 0 0 |a Servicios sociales   |9 338304 
650 0 0 |a Currículo  |9 307290 
650 0 0 |a Enseñanza  |9 256457 
650 0 0 |a Psicología   |9 257863 
942 |c BK 
945 |a lriquelm  |d 19960404 00:00:00 
546 |a En Inglés 
518 |p The South East Asian Seminar for Social Work Educators, Bombay, 31 de Octubre al 9 de Noviembre de 1971 
999 |c 382559  |d 382557 
952 |0 0  |1 0  |4 0  |6 362_320000000000000_INT_1971  |7 0  |8 P  |9 504320  |a BIBEDU  |b BIBEDU  |c BIBEDU_PB  |d 2020-01-23  |i 2013975  |o 362.32 INT 1971  |p 2013975  |r 2024-01-25  |w 2020-01-23  |y BK  |k EDU